Náčrt povahy a poslania energie v spoločnosti

Saved in:
Bibliographic Details
Main Author: Choluj, Vladimír
Format: Book Chapter
Language:Slovak
Tags: Add Tag
No Tags, Be the first to tag this record!

MARC

LEADER 00000naa a2200000 4500
001 0173496
005 20240502072945.4
041 0 |a slo 
044 |a SK 
245 1 0 |a Náčrt povahy a poslania energie v spoločnosti  |c Vladimír Choluj 
100 1 |a Choluj, Vladimír